00694nam a2200181 a 450000100100000000500170001000800410002702000150006804000250008308200150010810000430012324500850016626000360025130000210028750000740030895201130038299900170049500004591720201002052524.0150528s2004 cu 000 0 spa d a9590106048 aDO-SdBNPbspacBNPHU axxxxbxxxx1 aMachado Rodríguez, Darío L.97398710a¿Es posible construir el socialismo en Cuba? /cDarío L. Machado Rodríguez. aLa Habana :bPolítica,c2004. a313 p. ;c20 cm. aIncluye referencias bibliográficas y notas al pie de las páginas. 001050718MOaPDbPDcCTd2015-05-28iLF1l0oxxxx xxxxp45917-10r2020-06-25w2020-06-25y1ZNo se presta c45406d45406